| 000 | 00763nam a22002057a 4500 | ||
|---|---|---|---|
| 999 |
_c63977 _d63977 |
||
| 003 | Ge_BSU | ||
| 005 | 20260302153204.0 | ||
| 008 | 260302s2002 enk||||| |||| 00| 0 eng d | ||
| 020 | _a9780815706298x | ||
| 041 | _aeng | ||
| 080 | _a327(520 : 73): 339.9(520.73) US-88 | ||
| 245 |
_aU.S.-Japan relations in a changing world / _cEdited Steven K. Vogel. |
||
| 264 |
_aWashington : _bBrookings instit. press, _c2002. |
||
| 300 |
_a286 p. ; _b23 cm. |
||
| 504 | _aBibliogr.: p. 271-272 | ||
| 653 | _aიაპონია-აშშ-ს ურთიერთობები. | ||
| 653 | _aაშშ-იაპონიის ურთიერთობები. | ||
| 700 |
_aVogel, Steven K. _eრედაქტორი _926989 |
||
| 942 |
_2udc _cᲬᲘᲒᲜᲘ |
||